000 01334nam a22003135i 4500
001 183103
003 ES-MaACL
005 20260426162626.0
008 140116s1993 sp | |||| ||spa d
020 _a84-397-1887-X
080 _a929 Pasternak, Boris
080 _a929 Rilke, Rainer Maria
080 _a929 Tsvetaeva, Marina Ivanovna
100 1 _aPasternak, Boris Leonidovich.
_989464
245 1 0 _aCartas del verano de 1926 /
_cBorís Pasternak, Rainer Maria Rilke, Marina Tsvietáieva ; introducción, recopilación y notas de K.M. Azadovski, Elena Pasternak y Evgueni Pasternak ; traducción de Selma Ancira ; versión de los poemas en ruso de Tatiana Bubnova.
260 _aBarcelona :
_bMondadori,
_c[1993]
300 _a347 p., [8] p. de lám. ;
_c20 cm.
490 1 _aEl espejo de tinta. Serie Vidas privadas
700 1 1 _aBubnova, Tatiana.
_932270
700 1 _aRilke, Rainer Maria,
_d1875-1926
_997230
700 0 _aTsvetaeva, Marina Ivanovna,
_d1892-1941
_9111614
700 1 _aAzadovski, Konstantin,
_d1941-
_9154211
700 1 _aPasternak, Elena.
_9154212
700 1 _aPasternak, Evgueni.
_9154213
700 1 _aAncira, Selma,
_d1956-
_921408
830 0 _aEl espejo de tinta. Serie Vidas privadas
_9224938
852 _aES-MaACL
_jL-29920
_z.- Donat. Miguel A. Velasco
999 _c183103
_d183103